Aplikácia e-learningu na Podnikovohospodárskej fakulte EU v Bratislave so sídlom v Košiciach ako príspevok ku zvyšovaniu kvality pedagogického procesu

Faktory ovplyvňujúce využívanie e-learningu. Prieskum uskutočnený medzi študentmi Podnikovohospodárskej fakulty EU v Bratislave so sídlom v Košiciach. Výsledky prieskumu.

Gespeichert in:
Bibliographische Detailangaben
1. Verfasser: Kafková, Eva
Weitere Verfasser: Hudák, Igor, 1985-
Format: Buchkapitel
Sprache:Slowakisch
Schlagworte:
Tags: Tag hinzufügen
Keine Tags, Fügen Sie das erste Tag hinzu!

MARC

LEADER 00000naa$a2200000$$$4500
001 0146569
005 20240502083337.9
041 0 |a slo 
044 |a UA 
245 1 0 |a Aplikácia e-learningu na Podnikovohospodárskej fakulte EU v Bratislave so sídlom v Košiciach ako príspevok ku zvyšovaniu kvality pedagogického procesu  |c Eva Kafková, Igor Hudák 
520 |a Faktory ovplyvňujúce využívanie e-learningu. Prieskum uskutočnený medzi študentmi Podnikovohospodárskej fakulty EU v Bratislave so sídlom v Košiciach. Výsledky prieskumu. 
610 2 0 |a vzdelávanie vysokoškolské 
610 2 0 |a vzdelávanie elektronické 
610 2 0 |a študenti 
610 2 0 |a kvalita vzdelávania 
610 2 0 |a prieskum 
100 1 |a Kafková, Eva 
700 1 |a Hudák, Igor, 1985-